Countries Closest to Gibraltar - Statistics

General Stats
  • This quiz has been taken 139 times
  • The average score is 21 of 22
Answer Stats
Distance (km) Distance (mi) Country % Correct
837 520 France
100%
0 0 Spain
100%
1,241 771 Italy
99%
215 134 Portugal
99%
25 15 Morocco
98%
308 191 Algeria
97%
912 567 Andorra
96%
1.376 855 Monaco
96%
1,457 906 Switzerland
96%
1,213 754 Tunisia
96%
1,470 913 United Kingdom / Jersey
96%
1,665 1,034 Vatican City
95%
1,725 1,072 Liechtenstein
94%
1,739 1,080 San Marino
94%
1,660 1,032 Germany
93%
1,734 1,077 Austria
92%
1,522 946 Libya
91%
1,756 1,091 Malta
91%
1,027 638 Mauritania
91%
1,717 1,067 Belgium
90%
1,236 768 Mali
88%
1,730 1,074 Ireland
83%
No matching quizzes found
Score Distribution
Percent of People with Each Score
Percentile by Number Answered
Your Score History
You have not taken this quiz